Kaiser Maximilians I. Gebetbuch: mit Zeichnungen von Albrecht Dürer und anderen Künstlern; Faksimiledruck der Kunstanstalt Albert Berger in Wien
| Subtitles: | Das Gebetbuch Kaiser Maximilians I. Kaiser Maximilians des Ersten Gebetbuch |
|---|---|
| Contributors: | ; ; |
| Format: | Print Book |
| Language: | German |
| Subito Delivery Service: | Order now. |
| Check availability: | HBZ Gateway |
| WorldCat: | WorldCat |
| Interlibrary Loan: | Interlibrary Loan for the Fachinformationsdienste (Specialized Information Services in Germany) |
| Published: |
Wien
Selbstverl. d. Hrsg.
1907
|
| In: | Year: 1907 |
| Edition: | Faksimiledr. |
| Standardized Subjects / Keyword chains: | B
Prayer-book (Bayerische Staatsbibliothek) 2 L.impr.membr. 64
B Dürer, Albrecht 1471-1528 / Drawing |
| Further subjects: | B
Facsimile
|
MARC
| LEADER | 00000cam a2200000 c 4500 | ||
|---|---|---|---|
| 001 | 1076082254 | ||
| 003 | DE-627 | ||
| 005 | 20240827115321.0 | ||
| 007 | tu | ||
| 008 | 850101s1907 xx ||||| 00| ||ger c | ||
| 035 | |a (DE-627)1076082254 | ||
| 035 | |a (DE-576)006082254 | ||
| 035 | |a (DE-599)BSZ006082254 | ||
| 035 | |a (OCoLC)310733004 | ||
| 035 | |a (OCoLC)310733004 | ||
| 040 | |a DE-627 |b ger |c DE-627 |e rakwb | ||
| 041 | |a ger | ||
| 084 | |a 9,10 |a 1 |2 ssgn | ||
| 084 | |a AM 53320 |2 rvk |0 (DE-625)rvk/4353: | ||
| 245 | 0 | 0 | |a Kaiser Maximilians I. Gebetbuch |b mit Zeichnungen von Albrecht Dürer und anderen Künstlern; Faksimiledruck der Kunstanstalt Albert Berger in Wien |c mit Unterstützung des K. K. Ministeriums für Kultus und Unterricht in Wien und des Königl. Ministeriums der Geistlichen, Unterrichts- und Medizinal-Angelegenheiten in Berlin hrsg. von Karl Giehlow |
| 246 | 1 | |i Ansetzungssachtitel |a Kaiser Maximilians des Ersten Gebetbuch | |
| 246 | 3 | 0 | |a 1ersten |
| 246 | 3 | 3 | |a Das Gebetbuch Kaiser Maximilians I. |
| 250 | |a Faksimiledr. | ||
| 264 | 1 | |a Wien |b Selbstverl. d. Hrsg. |c 1907 | |
| 300 | |a 31 S., 157 Bl. |b Ill. | ||
| 336 | |a Text |b txt |2 rdacontent | ||
| 337 | |a ohne Hilfsmittel zu benutzen |b n |2 rdamedia | ||
| 338 | |a Band |b nc |2 rdacarrier | ||
| 500 | |a Nebent.: Das Gebetbuch Kaiser Maximilians I | ||
| 583 | 1 | |a Archivierung/Langzeitarchivierung gewährleistet |f SSG |x XA-DE-BW |2 pdager |5 DE-21 | |
| 583 | 1 | |a Archivierung/Langzeitarchivierung gewährleistet |f SSG |x XA-DE-BW |2 pdager |5 DE-16 | |
| 655 | 7 | |a Faksimile |0 (DE-588)4153591-1 |0 (DE-627)104339624 |0 (DE-576)209804548 |2 gnd-content | |
| 689 | 0 | 0 | |d u |0 (DE-588)7740874-3 |0 (DE-627)702940712 |0 (DE-576)339626941 |a Gebetbuch |2 gnd |g Bayerische Staatsbibliothek |n 2 L.impr.membr. 64 |
| 689 | 0 | |5 (DE-627) | |
| 689 | 1 | 0 | |d p |0 (DE-588)11852786X |0 (DE-627)133817024 |0 (DE-576)160794544 |2 gnd |a Dürer, Albrecht |d 1471-1528 |
| 689 | 1 | 1 | |d s |0 (DE-588)4127900-1 |0 (DE-627)104725044 |0 (DE-576)209597518 |2 gnd |a Zeichnung |
| 689 | 1 | |5 (DE-627) | |
| 700 | 1 | |e Hrsg. |0 (DE-588)116618485 |0 (DE-627)078105706 |0 (DE-576)16110844X |4 edt |a Giehlow, Karl |d 1863-1913 | |
| 700 | 0 | |0 (DE-588)118579371 |0 (DE-627)079373992 |0 (DE-576)16217098X |4 oth |a Maximilian |b I. |c Heiliges Römisches Reich, Kaiser |d 1459-1519 | |
| 700 | 1 | |0 (DE-588)11852786X |0 (DE-627)133817024 |0 (DE-576)160794544 |4 oth |a Dürer, Albrecht |d 1471-1528 | |
| 935 | |a mteo | ||
| 936 | r | v | |a AM 53320 |b Randillustrationen, autonome Randzeichnungen u. ä. |k Allgemeines |k Schrift und Handschriftenkunde. Schriftarten und Schreiben |k Handschriftenkunde |k Buchmalerei |k Randillustrationen, autonome Randzeichnungen u. ä. |0 (DE-627)1272083225 |0 (DE-625)rvk/4353: |0 (DE-576)202083225 |
| 951 | |a BO | ||
| ELC | |b 1 | ||
| ITA | |a 1 |t 1 | ||
| LOK | |0 000 xxxxxcx a22 zn 4500 | ||
| LOK | |0 001 2047227453 | ||
| LOK | |0 003 DE-627 | ||
| LOK | |0 004 1076082254 | ||
| LOK | |0 005 20151124161056 | ||
| LOK | |0 008 010613||||||||||||||||ger||||||| | ||
| LOK | |0 040 |a DE-21 |c DE-627 |d DE-21 | ||
| LOK | |0 852 |z Faksimileband | ||
| LOK | |0 852 |a DE-21 | ||
| LOK | |0 852 1 |c Gi 211.2-FAKS |9 00 | ||
| LOK | |0 935 |a dika |a theo | ||
| LOK | |0 939 |a 13-06-01 |b l01 | ||
| LOK | |0 000 xxxxxcx a22 zn 4500 | ||
| LOK | |0 001 2874270822 | ||
| LOK | |0 003 DE-627 | ||
| LOK | |0 004 1076082254 | ||
| LOK | |0 005 20151124161141 | ||
| LOK | |0 008 151124||||||||||||||||ger||||||| | ||
| LOK | |0 040 |a DE-21 |c DE-627 |d DE-21 | ||
| LOK | |0 852 |z Erläuterungstext | ||
| LOK | |0 852 |a DE-21 | ||
| LOK | |0 852 1 |c Gi 211.2-KOMM |9 00 | ||
| LOK | |0 935 |a dika |a theo | ||
| LOK | |0 939 |a 24-11-15 |b l02 | ||
| ORI | |a SA-MARC-ixtheoa001.raw | ||
| STA | 0 | 0 | |a Drawing |
| STB | 0 | 0 | |a Dessin |
| STC | 0 | 0 | |a Dibujo |
| STD | 0 | 0 | |a Disegno |
| STE | 0 | 0 | |a 图画 |
| STF | 0 | 0 | |a 圖畫 |
| STG | 0 | 0 | |a Desenho |
| STH | 0 | 0 | |a Рисунок |
| STI | 0 | 0 | |a Σχέδιο |
| SYG | 0 | 0 | |a Dürer, Albert,1471-1528,Dürer, Albert Albrecht,1471-1528,Dürer, Alberto,1471-1528,Duerer, Albrecht,1471-1528,Dürer,1471-1528,Direr, Albreht,1471-1528,Dīrers, Albrehts,1471-1528,Dürero, Alberto,1471-1528,Djurer, Albrecht,1471-1528,Djurer, Al'brecht,1471-1528,Djurer, A.,1471-1528,Dürrer, Albert,1471-1528,Dürrer, Alb.,1471-1528,Durer, Albert,1471-1528,Durer, Alberto,1471-1528,Durer, Albertus,1471-1528,Durer, Albrecht,1471-1528,Durer,1471-1528,Durero, Alberto,1471-1528,Durero,1471-1528,Durerus, Albertus,1471-1528,Dürer, Albertus,1471-1528,Duerer, Albert,1471-1528,Dyûrâ,1471-1528,Al beu le hi teu Dwi leo,1471-1528,Dwi leo, Al beu le hi teu,1471-1528 , Handzeichnung,Zeichenkunst |